| 000 | 01261cac a22003011u 4500 | ||
|---|---|---|---|
| 090 | _c7631 | ||
| 008 | 081113t2001 xxu||||| |||| 00| 0 eng d | ||
| 010 | _a2001025748 | ||
| 020 | _a0521804159 (hbk.) | ||
| 020 | _a0521009308 (pbk.) | ||
| 082 | 0 | 0 |
_a172.4 _bSMI |
| 245 | 0 | 0 |
_aEthics and foreign policy / _cedited by Karen E. Smith and Margot Light. |
| 260 |
_aCambridge, U.K. ; _aNew York : _bCambridge University Press, _cc.2001. |
||
| 300 |
_axi, 223 p. ; _c24 cm. |
||
| 440 | 0 | _aLSE monographs in international studies | |
| 500 | _aDistributer: Al-Ahram. | ||
| 504 | _aIncludes bibliographical references (p. 205-218) and index. | ||
| 511 | _aCatalogued By: Mahitab. | ||
| 650 | 0 |
_aInternational relations _xMoral and ethical aspects. |
|
| 650 | 0 |
_aDiplomacy _xMoral and ethical aspects. |
|
| 700 | 1 | _aSmith, Karen Elizabeth. | |
| 700 | 1 | _aLight, Margot. | |
| 856 | 4 | 2 |
_3Publisher description _uhttp://www.loc.gov/catdir/description/cam021/2001025748.html |
| 856 | 4 | 2 |
_3Table of contents _uhttp://www.loc.gov/catdir/toc/cam022/2001025748.html |
| 856 | 4 | 2 |
_3Contributor biographical information _uhttp://www.loc.gov/catdir/enhancements/fy0731/2001025748-b.html |
| 942 |
_cBB _k172.4SMI _2ddc |
||
| 999 |
_c7631 _d7631 |
||